000 00396cam a22001217a 4500
008 180718b1968 xxu||||| |||| 00| 0 eng d
082 _aA81x54 In2/61/6/PT1A/1
100 _aCensus of India 1961
245 _aJammu and Kashmir: general report
260 _aDelhi
_bThe Manager of Publications
_c1968
300 _a420+p.
440 _aCensus of India 1961. Volume VI, Jammu and Kashmir. Part I-A (i)
999 _c484114
_d484114